[Event "Heusenstamm Sparkassen op-A 2nd"]
[Site "Heusenstamm"]
[Date "2015.11.28"]
[Round "5"]
[White "Gelfenbaum, Daniel"]
[Black "Miller, Justin"]
[Result "0-1"]
[WhiteElo "1771"]
[BlackElo "1736"]
[PlyCount "98"]
[EventDate "2015.11.26"]
[EventType "swiss"]
[EventRounds "7"]
[EventCountry "GER"]
[SourceTitle "EXT 2018"]
[Source "ChessBase"]
[SourceDate "2017.10.13"]
[SourceVersion "1"]
[SourceVersionDate "2017.10.13"]
[SourceQuality "1"]

1. e4 c5 2. Nf3 Nc6 3. d4 cxd4 4. Nxd4 Nf6 5. Nc3 e5 6. Ndb5 d6 7. Bg5 a6 8. Na3 b5 9. Nd5 Be7 10. Bxf6 Bxf6 11. c4 b4 12. Nc2 a5 13. Be2 0-0 14. 0-0 Bg5 15. Bg4 Be6 16. b3 Rb8 17. Qf3 Qc8 18. h3 Qa6 19. Nc7 Qc8 20. Nxe6 fxe6 21. Qd3 Qd7 22. Rad1 Rbd8 23. c5 Rf4 24. g3 Rxg4 25. hxg4 d5 26. exd5 exd5 27. Qf5 Qxf5 28. gxf5 Bf6 29. f3 d4 30. Ne1 h6 31. Nd3 Kf7 32. Rfe1 Re8 33. Re2 g6 34. fxg6+ Kxg6 35. Rde1 Kf5 36. g4+ Kg5 37. Re4 Rg8 38. Kf1 h5 39. f4+ exf4 40. Rxf4 hxg4 41. Re6 Be5 42. Nxe5 Nxe5 43. Rxd4 Rf8+ 44. Kg2 Nf3 45. Rd5+ Kf4 46. c6 Rh8 47. c7 Rh2+ 48. Kf1 Kg3 49. c8Q Rf2# 0-1

[Event "Heusenstamm Sparkassen op-A 2nd"]
[Site "Heusenstamm"]
[Date "2015.11.26"]
[Round "1"]
[White "Werner, Dimo"]
[Black "Miller, Justin"]
[Result "1-0"]
[WhiteElo "2052"]
[BlackElo "1736"]
[PlyCount "67"]
[EventDate "2015.11.26"]
[EventType "swiss"]
[EventRounds "7"]
[EventCountry "GER"]
[SourceTitle "EXT 2018"]
[Source "ChessBase"]
[SourceDate "2017.10.13"]
[SourceVersion "1"]
[SourceVersionDate "2017.10.13"]
[SourceQuality "1"]

1. d4 d5 2. Nf3 Nf6 3. c4 c6 4. Nc3 e6 5. e3 Nbd7 6. Qc2 Bd6 7. Bd3 0-0 8. 0-0 dxc4 9. Bxc4 b5 10. Bd3 a6 11. Ne4 Qc7 12. Nxd6 Qxd6 13. e4 e5 14. Re1 Rd8 15. Bg5 Bb7 16. Rad1 Qe6 17. h3 h6 18. Bh4 Re8 19. Bg3 Nh5 20. Bh2 Nf4 21. Bxf4 exf4 22. b3 g5 23. e5 Nb6 24. Bf5 Qe7 25. Nd2 c5 26. dxc5 Nd5 27. c6 Nb4 28. cxb7 Nxc2 29. bxa8Q Rxa8 30. Bxc2 Rc8 31. Bb1 Kg7 32. Ne4 Rd8 33. Nd6 Kh8 34. Nxf7+ 1-0

[Event "Frankfurt-chA"]
[Site "Frankfurt"]
[Date "2014.06.02"]
[Round "6"]
[White "Miller, Justin"]
[Black "Bittner, Peter"]
[Result "1-0"]
[WhiteElo "1634"]
[BlackElo "1827"]
[PlyCount "123"]
[EventDate "2014.04.28"]
[EventType "swiss"]
[EventRounds "7"]
[EventCountry "GER"]
[SourceTitle "EXT 2015"]
[Source "ChessBase"]
[SourceDate "2014.11.20"]
[SourceVersion "1"]
[SourceVersionDate "2014.11.20"]
[SourceQuality "1"]

1. e4 c6 2. d4 d5 3. Nc3 dxe4 4. Nxe4 Bf5 5. Ng3 Bg6 6. Nf3 e6 7. Bd3 Bd6 8. Ne4 Bxe4 9. Bxe4 Nf6 10. Bd3 Nbd7 11. 0-0 0-0 12. Re1 h6 13. c3 Qc7 14. g3 Rad8 15. Qc2 c5 16. b3 Rc8 17. Bb2 a6 18. c4 Qb8 19. Qe2 Rce8 20. Ne5 cxd4 21. Bxd4 Bxe5 22. Bxe5 Nxe5 23. Qxe5 Qxe5 24. Rxe5 Rd8 25. Rd1 Rd7 26. Be2 Rfd8 27. Rxd7 Rxd7 28. Bf3 Kf8 29. Kf1 Ke7 30. Ke2 Kd6 31. Re3 b5 32. cxb5 axb5 33. Rd3+ Kc5 34. Rxd7 Nxd7 35. a3 f5 36. Ke3 e5 37. Be2 g5 38. h3 Nf6 39. f3 h5 40. b4+ Kb6 41. Bd3 Nd5+ 42. Kd2 f4 43. g4 hxg4 44. hxg4 Nc7 45. Bf5 Kc6 46. Kd3 Kd6 47. Bc8 Kd5 48. Bb7+ Ke6 49. Ke4 Ne8 50. Bc8+ Kd6 51. Kf5 Kc7 52. Be6 Kd6 53. Bf7 Nc7 54. Kxg5 Nd5 55. Bxd5 Kxd5 56. Kf5 Kd4 57. g5 Ke3 58. Kxe5 Kxf3 59. g6 Ke3 60. g7 f3 61. g8Q f2 62. Qg3+ 1-0

[Event "Frankfurt-chA"]
[Site "Frankfurt"]
[Date "2014.05.19"]
[Round "4"]
[White "Miller, Justin"]
[Black "Kropp, Volker"]
[Result "1/2-1/2"]
[WhiteElo "1634"]
[BlackElo "1892"]
[PlyCount "64"]
[EventDate "2014.04.28"]
[EventType "swiss"]
[EventRounds "7"]
[EventCountry "GER"]
[SourceTitle "EXT 2015"]
[Source "ChessBase"]
[SourceDate "2014.11.20"]
[SourceVersion "1"]
[SourceVersionDate "2014.11.20"]
[SourceQuality "1"]

1. e4 c5 2. Nf3 Nc6 3. d4 cxd4 4. Nxd4 Nf6 5. Nc3 e5 6. Ndb5 d6 7. Bg5 a6 8. Na3 b5 9. Nd5 Be7 10. Bxf6 Bxf6 11. c4 Bg5 12. cxb5 Qa5+ 13. Nc3 Nd4 14. Bd3 0-0 15. 0-0 g6 16. Nc4 Qd8 17. bxa6 Bxa6 18. Nd5 f5 19. f3 Kh8 20. b4 Ra7 21. a4 Raf7 22. b5 Bb7 23. Ncb6 Nxb5 24. axb5 Be3+ 25. Nxe3 Qxb6 26. Qd2 f4 27. Rfe1 Rc7 28. Kh1 fxe3 29. Qxe3 Rc5 30. h3 Kg7 31. Kh2 Rf7 32. Rf1 Rxb5 1/2-1/2

[Event "Karl Mala Memorial op 14th"]
[Site "Frankfurt"]
[Date "2011.07.10"]
[Round "7"]
[White "Miller, Justin"]
[Black "Fischer, Lutz"]
[Result "1/2-1/2"]
[WhiteElo "1765"]
[BlackElo "1481"]
[PlyCount "49"]
[EventDate "2011.07.07"]
[EventType "swiss"]
[EventRounds "7"]
[EventCountry "GER"]
[SourceTitle "EXT 2012"]
[Source "ChessBase"]
[SourceDate "2011.11.24"]
[SourceVersion "1"]
[SourceVersionDate "2011.11.24"]
[SourceQuality "1"]

1. e4 e6 2. d4 d5 3. e5 c5 4. c3 Nc6 5. Nf3 Qb6 6. a3 c4 7. Nbd2 Na5 8. Be2 Be7 9. 0-0 Nh6 10. Qe1 0-0 11. Bd1 f6 12. Rb1 Bd7 13. b3 cxb3 14. Bxb3 Qc7 15. Qe2 a6 16. Rd1 Qxc3 17. Bb2 Qc7 18. Rdc1 Nc6 19. exf6 Bxf6 20. Nf1 Qd6 21. Re1 Nf5 22. Rbd1 Qf4 23. Bc1 Qd6 24. Bb2 Qf4 25. Bc1 1/2-1/2

[Event "Karl Mala Memorial op 14th"]
[Site "Frankfurt"]
[Date "2011.07.10"]
[Round "6"]
[White "Pruefert, Franziska"]
[Black "Miller, Justin"]
[Result "1/2-1/2"]
[WhiteElo "1408"]
[BlackElo "1765"]
[PlyCount "71"]
[EventDate "2011.07.07"]
[EventType "swiss"]
[EventRounds "7"]
[EventCountry "GER"]
[SourceTitle "EXT 2012"]
[Source "ChessBase"]
[SourceDate "2011.11.24"]
[SourceVersion "1"]
[SourceVersionDate "2011.11.24"]
[SourceQuality "1"]

1. c4 e5 2. Nc3 Nf6 3. g3 d5 4. cxd5 Nxd5 5. Bg2 Be6 6. Nf3 Nc6 7. 0-0 f6 8. d4 Nxc3 9. bxc3 e4 10. Ne1 f5 11. f3 Qd7 12. fxe4 fxe4 13. Bxe4 0-0-0 14. Nf3 h6 15. Bg6 Ne7 16. Ne5 Qb5 17. Bd3 Qe8 18. Qc2 Nd5 19. Bf5 Nf6 20. Rb1 Rd6 21. Ba3 Rb6 22. Bxf8 Rxf8 23. Rxb6 axb6 24. d5 Bxf5 25. Qxf5+ Kb8 26. c4 Ka8 27. e4 Nd7 28. Qxd7 Rxf1+ 29. Kxf1 Qxe5 30. Kg2 Qb2+ 31. Kh3 Qxa2 32. e5 Qxc4 33. Qxg7 Qxd5 34. Qf8+ Ka7 35. Qa3+ Kb8 36. Qf8+ 1/2-1/2

[Event "Karl Mala Memorial op 13th"]
[Site "Frankfurt"]
[Date "2010.07.09"]
[Round "2"]
[White "Hirneise, Jens"]
[Black "Miller, Justin"]
[Result "1-0"]
[WhiteElo "2294"]
[BlackElo "1525"]
[PlyCount "57"]
[EventDate "2010.07.08"]
[EventType "swiss"]
[EventRounds "7"]
[EventCountry "GER"]
[SourceTitle "EXT 2012"]
[Source "ChessBase"]
[SourceDate "2011.11.24"]
[SourceVersion "1"]
[SourceVersionDate "2011.11.24"]
[SourceQuality "1"]

1. e4 c6 2. d4 d5 3. e5 Bf5 4. Nd2 e6 5. Nb3 Nd7 6. Nf3 Qc7 7. Be2 c5 8. dxc5 Nxc5 9. Nxc5 Qxc5 10. Nd4 Ne7 11. 0-0 a6 12. Nxf5 Nxf5 13. Bd3 Ne7 14. Be3 Qc7 15. f4 Nc6 16. c4 dxc4 17. Bxc4 Be7 18. Rc1 0-0 19. Qf3 Rad8 20. Bxa6 bxa6 21. Rxc6 Qb7 22. Rb6 Qa8 23. Qxa8 Rxa8 24. Rb7 Bd8 25. Rd1 Ba5 26. b4 Bd8 27. Bc5 Re8 28. Rdd7 a5 29. Rxf7 1-0

[Event "Rhein Main op 13th"]
[Site "Bad Homburg"]
[Date "2010.06.05"]
[Round "5"]
[White "Miller, Justin"]
[Black "Barisch, Florian"]
[Result "0-1"]
[WhiteElo "1732"]
[BlackElo "1915"]
[PlyCount "92"]
[EventDate "2010.06.02"]
[EventType "swiss"]
[EventRounds "7"]
[EventCountry "GER"]
[SourceTitle "EXT 2011"]
[Source "ChessBase"]
[SourceDate "2010.11.26"]
[SourceVersion "1"]
[SourceVersionDate "2010.11.26"]
[SourceQuality "1"]

1. e4 e6 2. d4 d5 3. e5 c5 4. c3 Nc6 5. Nf3 Qb6 6. a3 c4 7. Nbd2 Qc7 8. b3 cxb3 9. Nxb3 Bd7 10. Bd3 Nge7 11. Qc2 h6 12. 0-0 Nc8 13. h4 Nb6 14. g4 Be7 15. Kg2 Nc4 16. Rh1 0-0-0 17. Nfd2 N6a5 18. Nxa5 Nxa5 19. a4 Kb8 20. Ba3 Bxa3 21. Rxa3 Rc8 22. Rc1 Qd8 23. Rh1 Qe7 24. Raa1 f6 25. Nf3 Nc6 26. h5 fxe5 27. dxe5 Rhf8 28. Rh3 Rf4 29. Rg3 Rcf8 30. Rf1 Qc5 31. Bb5 a6 32. Bxc6 Bxc6 33. Nh4 d4+ 34. f3 Be4 35. Qc1 Bh7 36. Re1 dxc3 37. Ng6 Bxg6 38. hxg6 Rxa4 39. Qc2 Qc4 40. Re2 Rd8 41. Kh3 Rb4 42. Re4 Qf1+ 43. Qg2 Qxg2+ 44. Rxg2 Rxe4 45. fxe4 Rd3+ 46. Kh4 Rd2 0-1